000 00732cam2a220025300 4500
001 mtr02384328
005 20190814132705.0
008 760802s1964 ilua b 000 0 eng
010 _a 64018708
035 _a(Sirsi) r68204
035 _a(UPRA)mtr02384328
040 _dUPRA
050 0 _aRL131
_b.B6
082 _a616.53
100 1 _aBobroff, Arthur.
_6A29189.1
245 1 0 _aAcne, and related disorders of complexion and scalp.
260 _aSpringfield, IL :
_bThomas,
_c[1964]
504 _aBibliography: p. 114.
650 0 _aAcne.
_6S21176.1
650 0 _aSkin -- Diseases.
_xSkin -- Diseases.
_6S706.1
650 0 _aDandruff.
_6S21177.1
949 _aRL131
_wLC
_i-91462
_mMEDICAL
_tBOOK
_lON-SHELF
004 68204
999 _c55949
_d55949